000 00758nam a2200241 a 4500
001 62788
003 BD-RjUL
005 20211209081125.0
008 170125r1963 nyu b 000 0 eng d
035 _a(BD-RjUL)62916
040 _aOCO
_cOCO
_dBD-RjUL
_beng
041 _aeng
082 _223
_a812.508
_bTWE 1963
090 _aPS634
_b.G253 1930-39
099 _aPS634.G253 1930-39
245 0 0 _aTwenty best plays of the modern American theatre /
_cedited with an introduction by John Gassner.
260 _aNew York :
_bCrown Pub.,
_c1939 [ printing 1963].
300 _axxii, 874 p. ;
_c25 cm.
504 _aIncludes bibliography
650 0 _aAmerican drama
_y20th century.
_9186638
700 1 _aGassner, John,
_d1903-1967.
_9186639
942 _2ddc
_cBK
999 _c62788
_d62788